000 00956nam a2200277Ia 4500
008 130821s1945 mx gr spa
040 _aCo-BoUCM
_bspa
041 0 0 _aspa
100 1 _aSayers, Richard Sidney
_9114681
245 1 3 _aLa banca moderna
_cRichard Sidney Sayers ; versión española de Daniel Cosío Villegas
250 _a2a. ed.
260 _aMéxico D.F. (México)
_bFondo de Cultura Económica
_c1945
300 _a332 páginas
490 0 _aSección obras de Economía
500 _aDonación Dr. Álvaro Daza Roa.
500 _aIncluye índice.
650 0 4 _aBancos
_99920
650 0 4 _aCiclos económicos
_910763
650 0 4 _aDemanda (Teoría económica)
_912607
650 0 4 _aFinanzas
_97628
650 0 4 _aSistema bancario
_924509
700 1 _aCosío Villegas, Daniel
_etrad.
_9103318
710 2 _aFondo de Cultura Económica
_953965
942 _cLIBRO
_a7
_e2
_mS274b
_2DEWEY
_h332.1
999 _c72273
_d72273